LEADER 03857nam 2200529 450 001 9910815954703321 005 20230629221358.0 010 $a1-9788-2452-1 010 $a1-9788-2454-8 010 $a9781978824515$bhardcover 010 $a1978824513$bhardcover 010 $z9781978824522$belectronic publication 010 $z9781978824539$bMobipocket$belectronic book 010 $z9781978824546$belectronic book 024 7 $a10.36019/9781978824546 035 $a(OCoLC)1264470871 035 $a(CKB)4100000011998661 035 $a(MiAaPQ)EBC6707620 035 $a(DE-B1597)606837 035 $a(DE-B1597)9781978824546 035 $a(EXLCZ)994100000011998661 100 $a20220506d2021 uy 0 101 0 $aeng 135 $aurcnu|||||||| 181 $ctxt$2rdacontent 182 $cn$2rdamedia 183 $anc$2rdacarrier 200 14$aThe First Fifteen /$fSusan Oki Mollway 210 1$aNew Brunswick :$cRutgers University Press,$d[2021] 210 4$d??2021 215 $a1 online resource (ix, 257 pages) 311 $a1-9788-2451-3 320 $aIncludes bibliographical references (pages 237-248) and index. 327 $aDiversity in the federal judiciary -- Bridging the Gap -- Susan Oki Mollway (D. Haw.) (1998) -- Kiyo A. Matsumoto (E.D.N.Y.) (2008) -- Jacqueline Hong-Ngoc Nguyen (C.D. Cal.) (2009), (9th Cir.) (2012) -- Dolly Maizie Gee (C.D. Cal.) (2010) -- Lucy Haeran Koh (N.D. Cal.) (2010) -- Leslie Emi Kobayashi (D. Haw.) (2010) -- Cathy Bissoon (W.D. Pa.) (2011) -- Miranda Mai Du (D. Nev.) (2012) -- Lorna Gail Schofield (S.D.N.Y.) (2012) -- Pamela Ki Mai Chen (E.D.N.Y.) (2013) -- Indira Talwani (D. Mass.) (2014) -- Jennifer Choe-Groves (Ct. Int'l Trade) (2016) -- Karen Gren Scholer (N.D. Tex.) (2018) -- Jill Aiko Otake (D. Haw.) (2019) -- Neomi Jehangir Rao (D.C. Cir.) (2019) -- Continuing Growth -- Timing of growth -- Demographic factors -- Attitudinal factors -- Why aren't these other Asian women Article III Judges? 330 $a"When Susan Oki Mollway became a federal judge in the United States District Court for the District of Hawaii in 1998, she was surprised that she was the first Asian American woman to be appointed on the federal bench in the United States. She would remain an exclusive member of Asian American women who are federal judges until a decade later when Kiyo A. Matsumoto was appointed to the federal bench for the Eastern District of New York. Since then, membership of this small group began to grow in number and in diversity. The First Fifteen recounts the experiences of how the first fifteen Asian American women became federal judges, such as Jacqueline Nguyen who fled Vietnam as a child and Pamela Chen, an openly gay Asian woman, and how they succeeded. The women were interviewed by Mollway herself and the book was written by her as well which offers a unique perspective into these women's lives. Mollway discusses their upbringing, their backgrounds, and their attitudes which contributed to their successful navigation through the appointment process"--$cProvided by publisher. 606 $aWomen judges$zUnited States$vBiography 610 $aAsian American Studies, Asian women, federal judges, judge, Japanese Americans, lifetime appointments, lifetime judges, nomination, American justice, judicial system, adversity, American dream, internment camps, World War II, Vietnamese refugees, Indian immigrants, diversity, biography, female judges, gender inequality, workplace inequality, discrimination, discrimination in the workplace, immigrant. 615 0$aWomen judges 676 $a347.732634 700 $aMollway$b Susan Oki$f1950-$01646037 801 0$bMiAaPQ 801 1$bMiAaPQ 801 2$bMiAaPQ 906 $aBOOK 912 $a9910815954703321 996 $aThe First Fifteen$93992841 997 $aUNINA LEADER 03875nam 22007335 450 001 9910552747303321 005 20251113210146.0 010 $a3-030-91990-0 024 7 $a10.1007/978-3-030-91990-0 035 $a(MiAaPQ)EBC6916355 035 $a(Au-PeEL)EBL6916355 035 $a(CKB)21391654700041 035 $a(PPN)261521578 035 $a(OCoLC)1304830867 035 $a(DE-He213)978-3-030-91990-0 035 $a(EXLCZ)9921391654700041 100 $a20220309d2022 u| 0 101 0 $aeng 135 $aurcnu|||||||| 181 $ctxt$2rdacontent 182 $cc$2rdamedia 183 $acr$2rdacarrier 200 10$a2019 International Bamboo Construction Competition $eFrom the Concepts to the Realized Pavilions /$fedited by Kewei Liu, Cristoforo Demartino, Zhi Li, Qinghui Liu, Yan Xiao 205 $a1st ed. 2022. 210 1$aCham :$cSpringer International Publishing :$cImprint: Springer,$d2022. 215 $a1 online resource (275 pages) 225 1 $aSpringer Tracts in Civil Engineering,$x2366-2603 311 08$aPrint version: Liu, Kewei 2019 International Bamboo Construction Competition Cham : Springer International Publishing AG,c2022 9783030919894 320 $aIncludes bibliographical references and index. 327 $aThe 2019 International Bamboo Construction Competition -- Use of Bamboo in Constructions -- A Review on Round Bamboo Structural Applications and Perspectives -- INBAR Garden Pavilion: Bamboo Eye -- In-Box House -- Machine of Bamboo -- Nomad Bamboo Pavilion -- Bamboo Field -- Push and Pull, Varying Tranquility -- Bending Blossom -- Ternary Shed: An Exemplar Design for Bamboo Construction -- Bamboo?s Verve -- Island: A writers? retreat by -- Golden flower -- Blossom Business -- Conclusions and Future Perspectives. 330 $aThis volume builds upon the 2019 International Bamboo Construction Competition (IBCC 2019) from the Concepts to the Realized Pavilions. Several designed projects are described, and particular attention is devoted to the realized prototypes. It also presents the Bamboo Eye, an important example of architecture realized by INBAR for the 2019 Beijing Horticultural Expo. As such, the volume provides an overview of the use of bamboo poles and engineered bamboo products for temporary and normal constructions, and represents a compact review of the applications of bamboo poles and/or engineered bamboo products in the construction industry. This book will be of interest for researchers, architects and structural engineers in field of bamboo constructions. 410 0$aSpringer Tracts in Civil Engineering,$x2366-2603 606 $aLightweight construction 606 $aBuilding, Iron and steel 606 $aLightweight construction 606 $aBuilding materials 606 $aSustainability 606 $aSustainable architecture 606 $aLight-weight Construction, Steel and Timber Construction 606 $aWood, fabric, and textiles 606 $aSustainability 606 $aBuilding Materials 606 $aSustainable Architecture/Green Buildings 615 0$aLightweight construction. 615 0$aBuilding, Iron and steel. 615 0$aLightweight construction. 615 0$aBuilding materials. 615 0$aSustainability. 615 0$aSustainable architecture. 615 14$aLight-weight Construction, Steel and Timber Construction. 615 24$aWood, fabric, and textiles. 615 24$aSustainability. 615 24$aBuilding Materials. 615 24$aSustainable Architecture/Green Buildings. 676 $a624.1897 676 $a624.1897 702 $aLiu$b Kewei$f1981 May- 801 0$bMiAaPQ 801 1$bMiAaPQ 801 2$bMiAaPQ 906 $aBOOK 912 $a9910552747303321 996 $a2019 International Bamboo Construction Competition$94464535 997 $aUNINA